000
00274nam a22001217a 4500
082
_a
158
_b
HAU/I
100
_a
HAUCK, PAUL
245
_a
IMPROVE YOUR PERSONALITY
260
_a
LONDON
_b
SHELDON PRESS
300
_a
85
650
_a
PERSONALITY DEVELOPMENT
_z
LONDON
942
_c
BK
999
_c
5506
_d
5506